000 01092nam a22002777a 4500
001 BD-DhSAU 9278
003 BD-DhSAU
005 20260512110338.0
008 260512b2018 bg a|||| m||| 00| 0 eng d
040 _aBD-DhSAU
082 _222
_a631.4
_bAm78
100 _aSHIL, AMRITA CHANDRA
_eRegistration # 22010015
245 _aEffect of trichocompost and npk fertilizer on soil fertility, growth and yield of okra (abelmoschus esculentus l.) /
_bMS thesis
260 _aSher-e-Bangla Agricultural University;
_bDepartment of Soil Science, ;
_c2024.
300 _aviii, 63p. :
_bill. ;
_c30 cm.
500 _aMS thesis of Department of Soil Science, ;, Faculty of Agriculture. Sher-e-Balgla Agricultural University Dhaka-1207
504 _aIncludes bibliographical reference.
590 _aNazmul
650 _anpk fertilizer
650 _asoil fertility,
651 _aokra (abelmoschus esculentus l.)
700 _aProf Dr. Mohammad Saiful Islam Bhuiyan
_eSuperviser
710 _eCo-Superviser
_aProf. Dr. Md. Asaduzzaman Khan
942 _2ddc
_cTHESIS
999 _c18376
_d18375